000 00546nmm a2200217 a 4500
003 AR-BaBNM
005 20251128203313.0
008 011101s1976 ||||||||||||||000 | spa||
040 _cAR-BaBNM
100 1 _aSozzi, María E. M.de
245 1 0 _aEl maestro titiritero
250 _a1ª ed.
260 _aBuenos Aires
_bLa Obra
_c1976
300 _a39 p.
_bgráfs., il.
650 4 _aTEATRO INFANTIL
650 4 _aENSEÑANZA DE ARTE DRAMATICO
653 0 _aTITERES
700 1 _aSozzi, Nestor Luis
942 _cBK
998 _cMato Mourazos
999 _c2797
_d2797